English and French towns in feudal society : a comparative study
Saved in:
| Main Author: | |
|---|---|
| Format: | Book |
| Language: | English |
| Published: |
Cambridge :
Cambridge University Press,
1992
|
| Series: | Past and present publications
|
| Subjects: | |
| Tags: |
Add Tag
No Tags, Be the first to tag this record!
|
MARC
| LEADER | 00000nam a2200000 i 4500 | ||
|---|---|---|---|
| 001 | 1/92984 | ||
| 008 | 940318s1992 eng d | ||
| 020 | |a 0-521-41352-4 | ||
| 035 | |l 10008669 | ||
| 040 | |a GR-MY-UA |b gre |e aacr | ||
| 041 | 0 | |a eng | |
| 082 | 0 | |a 307.7609420902 | |
| 100 | 1 | |a Hilton, R. H. |q (Rodney Howard) |d 1916- | |
| 245 | 1 | 0 | |a English and French towns in feudal society : |b a comparative study / |c R. H. Hilton |
| 260 | |a Cambridge : |b Cambridge University Press, |c 1992 | ||
| 300 | |a 174 p. | ||
| 490 | 1 | |a Past and present publications | |
| 504 | |a Includes bibliographical references and index. | ||
| 650 | 0 | 0 | |a Cities and towns, Medieval |z England. |
| 650 | 0 | 0 | |a Cities and towns, Medieval |z France. |
| 650 | 0 | 0 | |a Feudalism |z England. |
| 650 | 0 | 0 | |a Feudalism |z France. |
| 650 | 0 | 0 | |a Social structure |z England |x History. |
| 650 | 0 | 0 | |a Social structure |z France |x History. |
| 830 | 0 | |a Past and present publications | |
| 852 | |a INST |b LESVOS |e 19940318 |h 307.7609420902 HIL |p 005100004662 |q 005100004662 |t BK |y 0 | ||
| 909 | |a Λ |b 033251 | ||